Detalles MARC
| 000 -ENCABEZADO |
| Número de control [NR] |
03627nam a22004217i 4500 |
| 001 - NÚMERO DE CONTROL |
| control field |
B-12207 |
| 003 - IDENTIFICADOR DE CONTROL NÚMERO |
| control field |
CO-BoFNCP |
| 007 - CAMPO DESCRIPCIÓN FÍSICA FIJA - INFORMACIÓN GENERAL |
| fixed length control field |
t|| |
| 008 - DE LONGITUD FIJA DE DATOS DE ELEMENTOS - INFORMACIÓN GENERAL |
| Elementos de longitud fija [NR] |
090820s2009 ck r spa d |
| 040 ## - FUENTE DE CATALOGACION [NR] |
| Agencia de catalogación original [NR] |
CO-BoFNCP |
| Idioma de catalogación [NR] |
Español |
| Quien Cataloga |
CO-BoFNCP |
| Convenciones de la descripción [NR] |
rda |
| 041 ## - CODIGO DE IDIOMA [R] |
| Código de idioma para texto/pista de sonido o título separado [R] |
Español |
| 043 ## - CODIGO DE AREA GEOGRAFICA [NR] |
| Código de área geográfica [R] |
ck |
| 084 ## - OTRO NUMERO DE CLASIFICACION [R] |
| Número clasificador [R] |
A- |
| 100 1# - ASIENTO PRINCIPAL--NOMBRE PERSONAL [NR] |
| Nombre personal [NR] |
Coffey, Michael, |
| Término relacionador [R] |
autor. |
| Relator code |
aut |
| ID Autoridad |
48563 |
| 245 00 - MENCION DE TITULO [NR] |
| Título [NR] |
Caracterización morfológica y molecular de Phytophthora palmivora agente causal de las lesiones iniciales de la pudrición del cogollo (PC) de la palma de aceite en Colombia. |
| 264 #1 - PRODUCCIÓN, PUBLICACIÓN, DISTRIBUCIÓN, FABRICACIÓN Y COPYRIGHT |
| Producción, publicación, distribución, fabricación y copyright |
Palmira : |
| Nombre del de productor, editor, distribuidor, fabricante |
Ascolfi, |
| Fecha de producción, publicación, distribución, fabricación o copyright |
2009. |
| 300 ## - DESCRIPCION FISICA [R] |
| Extensión [R] |
páginas 39-44 ; |
| Dimensiones [R] |
Tablas, fotografías. |
| 336 ## - TIPO DE CONTENIDO |
| Término de tipo de contenido |
texto |
| Código de tipo de contenido |
txt |
| Fuente |
rdacontent |
| 337 ## - TIPO DE MEDIO |
| Nombre/término del tipo de medio |
sin mediación |
| Código del tipo de medio |
n |
| Fuente |
rdamedia |
| 338 ## - TIPO DE SOPORTE |
| Nombre/término del tipo de soporte |
volumen |
| Código del tipo de soporte |
nc |
| Fuente |
rdacarrier |
| 504 ## - NOTA DE BIBLIOGRAFIA, ETC. [R] |
| Nota de bibliografía, etc. [NR] |
Incluye referencias bibliográficas. |
| 520 ## - NOTA DE RESUMEN, ETC. [R] |
| Nota de sumario, etc. [NR] |
Se realizaron estudios morfológicos y moleculares de Phytophthora sp., aislado de lesiones asociadas con la PC en la palma de aceite en Colombia, para identificar la especie cuya patogenicidad fue comprobada por Cenipalma. Para la identificación morfológica se consideró el aspecto del milecio y se midió el diámetro de las clamidosporas y el largo-ancho de los esporangios, verificando su desprendimiento. Para la caracterización molecular, los aislamientos, se crecieron en caldo papa-dextrosa para luego someterlos a la extracción de ADN, amplificación por PCR utilizando los iniciadores ITS1 e ITS4. Los productos obtenidos se secuenciaron en el laboratorio de Genómica de la Universidad de la Florida, EUA. Las secuencias fueron analizadas en la Universidad de la Florida y en la Universidad de California, Riverside, EUA. Para la visualización de estructuras de los microorganismos presentes se tomó tejido de la zona de avance de la PC. El patógeno se caracterizó por presentar micelio blanco, cenocítico y crecimiento deprimido, en agar avena. En agar pera o en frutos de pimentón el micelio creció hinchado y nudoso. En todos los medios de cultivo y aislamientos de Phytophthora, el micelio fue delgado y delicado con consistencia acuosa, situación que hizo más difícil su aislamiento y recuperación, pero permitió diferenciarlo de otros microorganismos. Los esporangios midieron en promedio 52.8 x 37.1 Ám. y una relación 1.4. Los esporangios fueron predominantemente ovalados, esféricos o elipsoides, caducos y papilados con pedicelo corto. Se presentó germinación directa e indirecta. Se observaron clamidosporas terminales e intercalares con un diámetro promedio de 42.4 Ám. En el gel se amplificó una banda cercana a los 900 pb correspondiente a Phytophthora. Las secuencias editadas concordaron con especímenes de P. palmivora en más de 99%. En el tejido afectado, se encontraron estructuras globosas similares a las clamidosporas de Phytophthora. Las características morfológicas y moleculares permitieron concluir que los aislamientos procedentes de plantas de palma de aceite afectadas por la PC corresponden a Phytophthora palmivora. |
| 650 #0 - ASIENTO SECUNDARIO DE MATERIA - TERMINO TEMATICO [R] |
| Término temático o nombre geográfico como elemento de entrada [NR] |
Caracterización |
| 9 (RLIN) |
36704. |
| 650 #0 - ASIENTO SECUNDARIO DE MATERIA - TERMINO TEMATICO [R] |
| Término temático o nombre geográfico como elemento de entrada [NR] |
Pudrición del cogollo |
| 9 (RLIN) |
30852. |
| 650 #0 - ASIENTO SECUNDARIO DE MATERIA - TERMINO TEMATICO [R] |
| Término temático o nombre geográfico como elemento de entrada [NR] |
Palma de aceite |
| 9 (RLIN) |
37678. |
| 700 1# - ASIENTO SECUNDARIO - NOMBRE PERSONAL [R] |
| Nombre personal [NR] |
Elliot, Mónica |
| 9 (RLIN) |
48564. |
| 700 1# - ASIENTO SECUNDARIO - NOMBRE PERSONAL [R] |
| Nombre personal [NR] |
Martínez L., Gerardo |
| 9 (RLIN) |
33358. |
| 700 1# - ASIENTO SECUNDARIO - NOMBRE PERSONAL [R] |
| Nombre personal [NR] |
Noreña, Cristián |
| 9 (RLIN) |
44277. |
| 700 1# - ASIENTO SECUNDARIO - NOMBRE PERSONAL [R] |
| Nombre personal [NR] |
Rodríguez, Jessica |
| 9 (RLIN) |
41329. |
| 700 1# - ASIENTO SECUNDARIO - NOMBRE PERSONAL [R] |
| Nombre personal [NR] |
Sarria, Greicy A. |
| 9 (RLIN) |
41330. |
| 700 1# - ASIENTO SECUNDARIO - NOMBRE PERSONAL [R] |
| Nombre personal [NR] |
Torres, Gabriel A. |
| 9 (RLIN) |
41331. |
| 700 1# - ASIENTO SECUNDARIO - NOMBRE PERSONAL [R] |
| Nombre personal [NR] |
Varón, Francia |
| 9 (RLIN) |
41332. |
| 700 1# - ASIENTO SECUNDARIO - NOMBRE PERSONAL [R] |
| Nombre personal [NR] |
Vélez, Diana C. |
| 9 (RLIN) |
41333. |
| 773 0# - ASIENTO DEL ITEM FUENTE [R] |
| Asiento principal [NR] |
Fitopatología Colombiana |
| Información sobre la relación [R] |
v. 32, no. 2 (Febrero 2009), p.39-44 |
| Número de control del registro [R] |
A- |
| Número Internacional Normalizado para Publicaciones Seriadas - ISSN [NR] |
0120-0143 |
| 942 ## - ELEMENTOS DE ENTRADA AGREGADOS (KOHA) |
| Sistema de clasificación |
Local |
| Tipo de ítem principal el descrito en 300a |
Artículo |
| 999 ## - NÚMEROS DE SISTEMAS DE CONTROL (KOHA) |
| Koha biblionumber |
26555 |
| 999 ## - NÚMEROS DE SISTEMAS DE CONTROL (KOHA) |
| Registro cosechable |
Si |